| 000 | 00569nam a22001817a 4500 | ||
|---|---|---|---|
| 005 | 20251108173546.0 | ||
| 008 | 250721s2004 xx 000 0 eng d | ||
| 082 | 1 | 4 | _aJ/F/BAS |
| 100 | 1 | _abasha, mohamad rajab | |
| 245 | 1 | 0 | _abobay / |
| 264 | 1 |
_aحلب : _bدار الرافعي, _c2004. |
|
| 300 | _a16p. | ||
| 500 | _aكتاب عدن الذي يحمل رقم باركود pld00078530 له رقم متسلسل هو 894907 لكنه مكرر. | ||
| 650 | 1 | 7 | _aFICTION |
| 653 | _aمرحلة متوسطة (6-9 سنوات ) | ||
| 942 |
_2ddc _cBK |
||
| 999 |
_c106787 _d106787 |
||